Mapping citizenship in india / (Record no. 147968)

MARC details
000 -LEADER
fixed length control field 00609nam a22001937a 4500
005 - DATE AND TIME OF LATEST TRANSACTION
control field 20171212153533.0
010 ## - LCCN (DPL NO)
LC control number ENG-121857
020 ## - INTERNATIONAL STANDARD BOOK NUMBER
International Standard Book Number 9780198066743
Terms of availability 645.00
035 ## - SYSTEM CONTROL NUMBER
System control number EN-105389
037 ## - SOURCE OF ACQUISITION
Source of stock number/acquisition DBAD/PUB
082 ## - DEWEY DECIMAL CLASSIFICATION NUMBER
Classification number 342.54083
100 ## - MAIN ENTRY--PERSONAL NAME
Personal name Roy, Anupama
245 ## - TITLE STATEMENT
Title Mapping citizenship in india /
Statement of responsibility, etc by Anupama Roy
260 ## - PUBLICATION, DISTRIBUTION, ETC. (IMPRINT)
Place of publication, distribution, etc New Delhi
Name of publisher, distributor, etc Oxford University Press
Date of publication, distribution, etc 2010
270 ## - ADDRESS
Address YMCA Library Building , Jai Singh Road
City New Delhi
Postal code 110001
300 ## - PHYSICAL DESCRIPTION
Extent x,226p.
Dimensions 22cm(Hb)
500 ## - GENERAL NOTE
General note Includes bibliographical reference and index
942 ## - ADDED ENTRY ELEMENTS (KOHA)
Source of classification or shelving scheme Dewey Decimal Classification
Item type English Books
Classification part 342.54083
Call number suffix ROY
Holdings
Withdrawn status Lost status Not for loan Collection code Home library Current library Date acquired Source of acquisition Cost, normal purchase price Full call number Barcode Copy number Cost, replacement price Koha item type
    Not For Loan Non-fiction D.B.Act.Division Bawana 12/12/2017 DBAD/PUB 645.00 342.54083 ROY EN-105389 1 645.00 English Books

© Delhi Public Library
Hit Counter
free hit counter